Представление документа в формате RUSMARC

ПолеНазваниеЗначение
  Тип записи a
  Библиографический уровень m
001 Контрольный номер RU/SLIB/B/208724186
005 Дата корректировки 20201206203957.6
010 Индекс ISBN __
d Цена 200-00
101 Язык документа __
a Язык текста rus
200 Заглавие и сведения об ответственности 0_
a Заглавие Португалия: дороги истории
f Первые сведения об ответственности Варьяш О. И., Черных А. П. ; отв. ред. С. П. Пожарская
b Общее обозначение материала Текст
210 Выходные данные __
a Место издания М.
c Издательство Наука
d Дата издания 1990
215 Физическое описание __
a Объем 140 с.
c Иллюстрации/тип воспроизводства ил.
225 Серия __
a Серия Страны и народы
606 Тематические рубрики __
a Основная рубрика История
y Географическая подрубрика Португалия
606 Тематические рубрики __
a Основная рубрика История Европы в целом
610 Ключевые слова __
a Ключевые слова страноведение; историческая литература; исторические факты; исторические даты; исторические документы; исторические деятели; персоналии; португальцы; португальская культура
686 Индексы других классификаций __
a Классификационный индекс 63.3(4Пор)
700 Автор _1
a Фамилия Варьяш
b Имя О. И.
4 Код отношения 070
702 Вторичная интеллектуальная ответственность _1
a Фамилия Черных
b Имя А. П.
4 Код отношения Автор
702 Вторичная интеллектуальная ответственность _1
a Фамилия Пожарская
b Имя С. П.
4 Код отношения Ответственный редактор
801 Источник записи _0
a Страна RU
b Организация Муниципальное бюджетное учреждение культуры "Централизованная библиотечная система" г. Сургут (Центральная городская библиотека им. А. С. Пушкина)
g Правила каталогизации КиК/Лебедева
801 Источник записи _1
a Страна RU
b Организация Муниципальное бюджетное учреждение культуры "Централизованная библиотечная система" г. Сургут (Центральная городская библиотека им. А. С. Пушкина)
g Правила каталогизации КиК/Лебедева
852 Данные о местонахождении __
j Шифр хранения 63.3(4Пор)
c Каталожный индекс 63.3(4Пор)
i Авторский знак В 18
p Инвентарный номер 59978
901 Тип документа __
t Тип документа m
990 Данные о заказе (DOS) __
j Количество экземпляров (DOS) 1